Exercices et problèmes de génétiques (Record no. 23130)
[ view plain ]
| 000 -LEADER | |
|---|---|
| fixed length control field | 00451 a2200205 4500 |
| 020 ## - NUMERO INTERNATIONAL NORMALISE DES LIVRES | |
| International Standard Book Number | 2-257-10382-3 |
| 100 ## - VEDETTE PRINCIPALE - NOM DE PERSONNE | |
| Personal name | BROUSSAL, Gérard |
| 130 ## - VEDETTE PRINCIPALE - TITRE UNIFORME | |
| Language of a work | Fr. |
| 260 ## - PUBLICATION, DISTRIBUTION, ETC. (IMPRINT) | |
| Place of publication, distribution, etc | Paris |
| 260 ## - PUBLICATION, DISTRIBUTION, ETC. (IMPRINT) | |
| Name of publisher, distributor, etc | Flammarion Médecine Sciences |
| 245 ## - TITLE STATEMENT | |
| Title | Exercices et problèmes de génétiques |
| 260 ## - PUBLICATION, DISTRIBUTION, ETC. (IMPRINT) | |
| Date of publication, distribution, etc | 1983 |
| 250 ## - EDITION STATEMENT | |
| Edition statement | 2ème |
| 300 ## - PHYSICAL DESCRIPTION | |
| Extent | 173p. |
| 650 ## - SUBJECT ADDED ENTRY--TOPICAL TERM | |
| Topical term or geographic name as entry element | génétique |
| 690 ## - LOCAL SUBJECT ADDED ENTRY--TOPICAL TERM (OCLC, RLIN) | |
| Topical term or geographic name as entry element | exercice |
| 700 1# - ADDED ENTRY--PERSONAL NAME | |
| Personal name | VIAUD, Pierre |
| Withdrawn status | Lost status | Damaged status | Not for loan | Location (home branch) | Sublocation or collection (holding branch) | Date acquired | Koha issues (times borrowed) | Koha full call number | Koha date last seen | Copy number | Price effective from | Koha item type | Public note |
|---|---|---|---|---|---|---|---|---|---|---|---|---|---|
| Bibliothèque-Centre de Documentation de la Faculté des Sciences Agronomiques | Bibliothèque-Centre de Documentation de la Faculté des Sciences Agronomiques | GEN.1983.071B | 28/02/2009 | 2 | 28/02/2009 | Livre | A.1140 |